Quiz mythologique : Les conquêtes de Zeus - Hors Série#1. - Statistiques

Statistiques générales
  • Ce quiz a été pris 21 fois
  • Le résultat moyen est 11 sur 20
Statistiques - réponses
Indice Conquête Descendance % Correct
Zeus s'est transformé en taureau pour la séduire Europe Minos
82%
Epouse légitime de Zeus Héra Ephaïstos
82%
Soeur de Zeus Déméter Perséphone
76%
Titanide, l'une des conquêtes les plus poursuivie par le femme de Zeus Léto Apollon
76%
Zeus a pris l'apparence d'Hadès, son époux, pour la séduire Perséphone Mélinoé
76%
Déesse de la lune Séléné Pandia
76%
Transformée en génisse par Zeus Io Épaphos
71%
Zeus s'est transformé en cygne pour la séduire Léda Hélène
71%
Aînée des Pléiades Maïa Hermès
65%
Déesse de la mémoire Mnémosyne Les Muses
65%
Zeus a pris l'apparence d'Amphitryon, son époux, pour la séduire Alcmène Héraclès
59%
Zeus s'est transformé en pluie d'or pour la séduire Danaé Persée
59%
Titanide Thémis Les Moires
53%
S'est faite avalée par Zeus Métis Athéna
47%
Mourut en demandant à Zeus de lui montrer son vrai visage Sémélé Dyonisos
41%
Suivante d'Artémis dont Zeus a pris l'apparence pour la séduire Callisto Arcas
35%
Océanide Dioné Aphrodite
29%
Membre des Pléiades Électre Dardanos
18%
Océanide Eurynomé Charites
12%
Océanide ou nymphe Ploutô Tantale
6%
Aucun quiz correspondant
Distribution des résultats
% des personnes avec chaque résultat
Percentile par nombre de réponses
Votre historique - résultats
Vous n’avez pas pris ce quiz